Lý thuyết dây vơí các dao động tử điều hoà : Luận văn tốt nghiệp cao học. Ngành Vật lý lý thuyết và vật lý toán

Luận văn giới thiệu vài nét cơ bản của lý thuyết Dây, dao động điện tử điều hòa và số hạn dị thường trong hệ số dây.

محفوظ في:
التفاصيل البيبلوغرافية
المؤلف الرئيسي: Phan, Thị Mỹ Nương
التنسيق: كتاب
اللغة:Undetermined
منشور في: Cần Thơ Trường Đại học Cần Thơ 2009
الموضوعات:
الوسوم: إضافة وسم
لا توجد وسوم, كن أول من يضع وسما على هذه التسجيلة!
Thư viện lưu trữ: Trung tâm Học liệu Trường Đại học Cần Thơ
LEADER 01021nam a2200217Ia 4500
001 CTU_152033
008 210402s9999 xx 000 0 und d
082 |a 530.15 
082 |b N561 
088 |a 604401 
100 |a Phan, Thị Mỹ Nương 
245 0 |a Lý thuyết dây vơí các dao động tử điều hoà : 
245 0 |b Luận văn tốt nghiệp cao học. Ngành Vật lý lý thuyết và vật lý toán 
245 0 |c Phan Thị Mỹ Nương; Nguyễn Thị Hà Loan (cán bộ hướng dẫn) 
260 |a Cần Thơ 
260 |b Trường Đại học Cần Thơ 
260 |c 2009 
520 |a Luận văn giới thiệu vài nét cơ bản của lý thuyết Dây, dao động điện tử điều hòa và số hạn dị thường trong hệ số dây. 
650 |a Mathematical physics,Vật lý toán 
904 |i Năm, Thu Ba 
980 |a Trung tâm Học liệu Trường Đại học Cần Thơ